• 首页
  • 本馆介绍
  • 公告通知
  • 最新文献
  • 馆藏检索
  • 电子资源
  • 读者导购
  • 参考咨询
  • 我的图书馆
  • 登录
  • 详细信息显示
  • 放入我的书架
  • 预约/预借图书
  • 作者相关作品
  • 分类相关作品
  • 丛书相关作品
  • 出版社相关作品

书目信息

  • 表格格式
  • 工作单格式
  • 卡片格式
题名:
中西医结合神经系统疾病治疗学
    
 
作者: 程为平 主编
分册:  
出版信息: 北京   人民军医出版社  2002.08
页数: 174页
开本: 29cm
丛书名:
单 册:
中图分类: R741.05
科图分类:
主题词: 神经病学
电子资源:
ISBN: 7-80157-544-X
000 00607nam0 2200193 450
001 0831611520
005 20080616084847.93
010    @a7-80157-544-X@dCNY25.00
100    @a20080616d2002 km y0chiy0120 ea
101 0  @achi
102    @aCN@b110000
200 1  @a中西医结合神经系统疾病治疗学@Azhong xi yi jie he shen jing xi tong ji bing zhi liao xue@f程为平等主编@Fcheng wei ping deng zhu bian
210    @a北京@c人民军医出版社@d2002.08
215    @a174页@d29cm
606 0  @a神经病学
690    @aR741.05@v4
701  0 @a程为平@Acheng wei ping@4主编
801  0 @aCN@bNISOFT@c20080616
905    @aBZT@dR741.05@e3
    
    中西医结合神经系统疾病治疗学/程为平等主编.-北京:人民军医出版社,2002.08
    174页;29cm
    
    
    ISBN 7-80157-544-X:CNY25.00
    
●
相关链接 在五车中查询图书 在当当中查询图书 在豆瓣中查询图书


正题名:中西医结合神经系统疾病治疗学     索取号:R741.05/3         预约/预借

序号 登录号 条形码 馆藏地/架位号 状态 备注
1 678517   2000678517   中心书库中库/ 中库014架A面2列4层10/ [索取号:R741.05/3] 在馆    
2 678518   2000678518   中心书库中库/ 中库014架A面2列4层5/ [索取号:R741.05/3] 在馆    
3 678519   2000678519   中心书库中库/ 中库014架A面2列4层6/ [索取号:R741.05/3] 在馆    
4 678520   2000678520   中心书库中库/ 中库014架A面2列4层4/ [索取号:R741.05/3] 在馆    
5 678521   2000678521   中心书库中库/ 中库014架A面2列4层13/ [索取号:R741.05/3] 在馆    
6 678522   2000678522   中心书库中库/ 中库014架A面2列4层12/ [索取号:R741.05/3] 在馆    
7 678523   2000678523   中心书库中库/ 中库014架A面2列4层11/ [索取号:R741.05/3] 在馆    
8 678524   2000678524   中心书库中库/ 中库014架A面2列4层9/ [索取号:R741.05/3] 在馆    
9 678525   2000678525   中心书库中库/ 中库014架A面2列4层8/ [索取号:R741.05/3] 在馆    
10 678526   2000678526   中心书库中库/ 中库014架A面2列4层7/ [索取号:R741.05/3] 在馆    
山东省滨州职业学院图书馆 欢迎您!
大连网信软件有限公司© 版权所有